00218nam a2200097Ia 4500008004100000041000800041082001000049100001400059245001900073260002800092231212s1994 xx 000 0 und d aeng a604.2 aPowell P. aPrincipales Of aNew YorkbMc Grawc1994